00540nam a2200181Ia 450000500170000000800410001702000060005808200150006410000160007924500630009526000420015830000170020065000140021765000130023194200060024495200950025099900130034520240726043345.0240331s9999 xx 000 0 und d a  a294.3bOLI aOlivelle, P 4aThe Origin and the early development of Buddhist monachism aColombobM.D.Gunasena & Co. Ltdc1974 axiv, 86 p ., aReligions aBuddhist cL 001040708LaWERCLbWERCLcSSCd2024-03-31l0o 294.3 OLIp84r2024-03-31w2024-03-31yL c924d924